000 00554nam a2200241Ia 4500
003 IT-RoPAU
005 20220918175714.0
008 120407s9999 xx 000 0 und d
040 _aIT-RoPAU
040 _cIT-RoPAU
041 _aita
100 _aMonetti Giulio - Giaccardo Timoteo
_9315
245 _aO Maria, fate fiorire in questa casa le viole di umiltà
250 _aAlba
260 _aPSSP
260 _c1939
300 _a15 p.
300 _c15,5 cm
490 _a(Fotocopie)
490 _v1
942 _cBK
_2ddc
999 _c25991
_d25991